Financial programming and policy <the> case of Turkey

Salvato in:
Dettagli Bibliografici
Autore principale: Barth, Richard C.
Altri autori: Hemphill, William
Natura: Libro
Lingua:inglese
Pubblicazione: Washington, D.C. IMF Institute 2000
Soggetti:
Tags: Aggiungi Tag
Nessun Tag, puoi essere il primo ad aggiungerne!!

MARC

LEADER 00000nam$a2200000$$$4500
001 0014162
005 20240111125102.0
020 |a 1-55775-875-1 
041 0 |a eng 
044 |a US 
245 1 0 |a Financial programming and policy  |b <the> case of Turkey  |c Richard Barth, William Hemphill 
264 1 |a Washington, D.C.  |b IMF Institute  |c 2000 
300 |a xiii, 457 s. 
610 2 0 |a politika fiškálna 
610 2 0 |a politika hospodárska 
610 2 0 |a situácia hospodárska 
610 2 0 |a Turecko 
610 2 0 |a rozvoj hospodársky 
610 2 0 |a makroekonomika 
610 2 0 |a účty 
610 2 0 |a bilancia platobná 
610 2 0 |a sektor verejný 
610 2 0 |a bilancia platobná 
100 1 |a Barth, Richard C. 
700 1 |a Hemphill, William